Statistics for African Countries with 7+ Letter Capitals - Map Quiz

Click here to take the quiz!

General Stats

  • This quiz has been taken 8 times
  • The average score is 27 of 29

Answers on the Map

Answers color-coded by a green-red scale on the quiz's map according to % correct below.
Loading ...
 

Answer Stats

Answer% Correct
Conakry
100%
Algiers
100%
Pretoria, Cape Town, Bloemfontein
100%
Windhoek
100%
Antananarivo
100%
Mogadishu
100%
Nairobi
100%
Kampala
100%
Nouakchott
100%
Addis Ababa
100%
Yaoundé
100%
Djibouti
100%
Khartoum
100%
Tripoli
100%
Brazzaville
100%
São Tomé
100%
Lilongwe
88%
N'Djamena
88%
Port Louis
88%
Monrovia
88%
Freetown
88%
Gaborone
88%
Porto-Novo, Cotonou
88%
Kinshasa
88%
Ouagadougou
88%
Victoria
88%
Yamoussoukro
75%
Mbabane
75%
Libreville
63%

Score Distribution

Percentile by Number Answered

Percent of People with Each Score

Your Score History

You have not taken this quiz